00939nam a2200229 a 4500001001000000003000500010005001700015008004100032010001100073011001100084040000900095100003500104245018600139260004100325500006000366502006900426650002800495650003700523650005500560650002400615856007000639000113116CHAP20220329144339.0170425s2016 mx a fsm |||||||spa d a109577 a110549 cCHAP1 aTehuacatl Xalamihua, Guillermo10aZonificación agroecológica del cultivo de caña de azucar (Saccharum officinarum L.) en el municipio de la Antigua, Veracruz /h[En línea]cpor Guillermo Tehuacatl Xalamihua. aChapingo, Méx. :bEl autor,c2016. aPara ver el contenido del material haga clic en la liga aTesis (Ing. Agr. Esp. en Suelos) -- UACH. Departamento de Suelos14aAzúcarxProducción.14aCaña de azúcarxRendimiento.14aProcesamiento de imágenesxTécnicas digitales.14aSuelosxAnálisis. aFinding aiduhttp://10.13.5.2/tesis/sist113116.pdfzTeclea aquí